Justin Bieber Trivia - Statistics

General Stats
  • This quiz has been taken 377 times
  • The average score is 8 of 9
Answer Stats
Question Answer % Correct
When Was He Born? (Year) 1994
96%
Where Was Justin Bieber Born? Canada
96%
Did Justin Ever Get Arrested (Yes Or No) Yes
96%
Which Wesbite Did Justin Post Himself Singing As A Little Kid? Youtube
95%
When Did Justin Enter His First Singing Competition? (Age) 12
91%
What Sports Did Justin Play In His Earlier Years? Hockey/Soccer
88%
Who Helped Justin Become Famous? Usher
84%
What's His Best Album? MY World
71%
Which Show Did Justin Bieber Appear On? Ellen
49%
No matching quizzes found
Score Distribution
Percent of People with Each Score
Percentile by Number Answered
Your Score History
You have not taken this quiz